| 000 | 00817nam a2200277Ia 4500 | ||
|---|---|---|---|
| 003 | OSt | ||
| 005 | 20221006142206.0 | ||
| 006 | a|||||r|||| 00| 0 | ||
| 007 | ta | ||
| 008 | 221006b |||||||| |||| 00| 0 eng d | ||
| 020 |
_a9780813325149 _c _24.95 |
||
| 024 | _a5,612 | ||
| 037 | _cTextual | ||
| 040 |
_aEASL _cEASL _beng |
||
| 041 |
_2eng _aeng |
||
| 082 | _aW.41.N94, N5 | ||
| 100 |
_aDOMENACH Jean-Luc _9647129 |
||
| 245 | 0 |
_aOrigins of the Great Leap Forward _b The case of one Chinese province |
|
| 260 |
_aOxford _bWestview Press _c1995 |
||
| 300 |
_a212p. _ccm. |
||
| 490 |
_v CEL _aTransitions: Asia and Asian America |
||
| 650 | _aCEL | ||
| 700 |
_a BERRETT A M Tr. _9647130 |
||
| 942 |
_hW.41.N94, N5 _cTEXL _2CC |
||
| 999 |
_c1073698 _d1073698 |
||